| 000 | 00900nam a22002417a 4500 | ||
|---|---|---|---|
| 005 | 20120927113150.0 | ||
| 008 | 120927t xxu||||| |||| 00| 0 eng d | ||
| 010 | _aENG-106002 | ||
| 020 |
_a9788120346376 _c150.00 |
||
| 035 | _aEN-89535 | ||
| 037 | _bDBAD/PUB | ||
| 040 |
_aDPL _bEnglish |
||
| 082 | _a001.434 | ||
| 100 |
_aSharma, M.K. _952674 |
||
| 245 |
_aDesign and analysis of experiments / _cby M.K. Sharma [and] B.V.S. Sisodia |
||
| 260 |
_aNew Delhi _bPHI Learning _c2012 |
||
| 270 |
_aM-97, Connaught Circus _bNew Delhi _e110001 |
||
| 300 |
_aix,142p. _c24cm(pbk) |
||
| 500 | _aIncludes bibliographical references and index | ||
| 700 |
_aSisodia, B.V.S. _952676 |
||
| 942 |
_2ddc _cEN _mSHA _h001.434 |
||
| 999 |
_c70371 _d70371 |
||